| 000 | 01021nas a2200337 4500 | ||
|---|---|---|---|
| 001 | BR2017001277 | ||
| 003 | BR-BrBNA | ||
| 005 | 20231205130928.0 | ||
| 007 | ta | ||
| 008 | 230509b bl.|||p| |||| 00| 00por d | ||
| 040 |
_aBR-BrBNA _bpor _cBiblioteca Nacional de Agricultura |
||
| 041 | _a(En) | ||
| 072 | _aL50 | ||
| 100 | 1 | _aCosta, M.L.L. da | |
| 100 | 1 | _aRezende, A.S.C. de | |
| 100 | 1 | _aSampaio, I.B.M. | |
| 100 | 1 | _aSilva, V.P. | |
| 100 | 1 | _aSantiago, J.M. | |
| 100 | 1 | _aFerraz, V.P. | |
| 100 | 1 | _aSaliba, E. de O.S. | |
| 100 | 1 | _aLana, A.M.Q. | |
| 245 | 1 | _aRetinol and mineral status in grazing foals during the dry season | |
| 650 | _aEQUINO | ||
| 650 | _aBIOQUÍMICA | ||
| 650 | _aVITAMINA A | ||
| 650 | _aPASTAGEM | ||
| 773 | 0 |
_tRevista Brasileira de Zootecnia (Brazil) _xISSN 1806-9290 _g(Feb 2017), v. 46(2) p. 118-122 _wBR2017001277 |
|
| 856 | 4 | 0 | _uhttp://www.scielo.br/pdf/rbz/v46n2/1516-3598-rbz-46-02-00118.pdf |
| 909 |
_a202311 _bLúcia _c55 _dLúcia Elande |
||
| 942 |
_2AGRIS _n0 _cANA |
||
| 999 |
_c252093 _d252093 |
||